RESISTANCE TO ULTRAVIOLET IRRADIATION OF THE ABILITY OF PRIMARY CELL CULTURES AND OF STABLE CELL LINES TO SUPPORT VIRUS REPLICATION

Bibliographic Details
Main Authors: Rosenberg, M. (Author), Rosenbergová, M. (Author)
Format: Article
Language:Slovak
English

MARC

LEADER 00000nab a2200000ua 4500
001 vtls010763376
003 SK-MaSNL
005 20260304202413.0
008 250718s1964 xo |||||||||||||||||slo|
035 |a (urnnbn)urn:nbn:sk:snk:ar-a02aqc 
035 |a (uuid)febf7a76-2189-4af8-9f07-db1387adce18 
035 |a urn:nbn:sk:snk-ab4jf3 
040 |a SNKBUCL  |b slo  |c SNKBUCL  |e AACR2 
041 0 |a eng 
044 |a xo  |c SK 
100 1 |a Rosenberg, M.  |4 aut  |9 1113624 
245 1 0 |a RESISTANCE TO ULTRAVIOLET IRRADIATION OF THE ABILITY OF PRIMARY CELL CULTURES AND OF STABLE CELL LINES TO SUPPORT VIRUS REPLICATION  |c M. Rosenberg, M. Rosenbergová 
700 1 |a Rosenbergová, M.  |4 aut  |9 927400 
773 0 |t Acta virologica  |g Roč. 8, č. 5 (1964), s. 396-400 
850 |a Slovenská národná knižnica 
852 |a Slovenská národná knižnica 
958 |a article3 
958 |a OND 
958 |a EUIPO 
999 |c 3102899  |d 3104829